Dějepis experimentální učební text pro III. ročník gymnázia

Bibliographic Details
Main Author: Kováčová, Anna (Author, Editor)
Format: Book
Language:Czech
PhysicalDescription:302 s. 20 cm
Published: Praha Státní pedagogické nakladatelství 1981
Edition:1. vyd.
Subjects:

MARC

LEADER 00000nam a2200000 a 4500
001 vtls001371521
003 SK-MaSNL
005 20260301201323.0
008 210928s1981 xr e p 00000 cze
020 |q (brož.) 
035 |a SNK000325334 
040 |a SNK  |b slo  |c SNK  |e AACR2 
041 0 |a cze 
044 |a xr  |c CZ 
072 7 |a 93/94  |x Dejiny (všeobecne)  |2 konspekt 
080 |a 93/94  |2 2001 
080 |a (075.3)  |2 2001 
245 0 0 |a Dějepis  |b experimentální učební text pro III. ročník gymnázia  |c [autoři: Anna Kováčová, vedoucí autorského kolektivu a koordinátorka] 
250 |a 1. vyd. 
260 |a Praha  |b Státní pedagogické nakladatelství  |c 1981 
300 |a 302 s.  |c 20 cm 
366 |e 1500 výtl. 
500 |a Vyd. Výzkumný ústav pedagogický v Prahe 
504 |a Bibliogr. odkazy 
650 0 7 |a dejepis  |2 SNKPH  |9 4288 
655 7 |a učebnice stredných škôl  |2 SNKPH  |9 69323 
700 1 |a Kováčová, Anna  |4 aut  |4 edt  |9 6261 
958 |a OND 
999 |c 894271  |d 896201 
952 |a SNK  |b SNK  |y VYP  |7 0  |p 17A0530498  |o snkIC 83764  |i snkKIP 2027/81  |0 0  |1 0  |4 0  |d 2006-11-29  |l 0  |r 2026-02-24 06:54:06  |w 2026-02-24 
952 |a SNK  |b SNK  |y VYP  |7 0  |p 17A0209404  |o snkIC 83764 D1  |i snkKIP 2028/81  |0 0  |1 1  |4 0  |d 1999-09-04  |l 0  |r 2005-01-02 00:00:00  |w 2026-02-24